Earth Observation, Remote Sensing and Geoscientific Ground Investigations for Archaeological and Heritage Research (Record no. 191074)

MARC details
000 -LEADER
fixed length control field 00532nmm a2200145Ia 4500
020 ## - INTERNATIONAL STANDARD BOOK NUMBER
ISBN 9783039211937
100 ## - MAIN ENTRY--PERSONAL NAME
Personal name Tapete, Deodato
245 #0 - TITLE STATEMENT
Title Earth Observation, Remote Sensing and Geoscientific Ground Investigations for Archaeological and Heritage Research
260 ## - PUBLICATION, DISTRIBUTION, ETC. (IMPRINT)
Place of publication MDPI - Multidisciplinary Digital Publishing Institute
Year of publication 2019
650 ## - SUBJECT ADDED ENTRY--TOPICAL TERM
Topical Term settlements
856 ## - ELECTRONIC LOCATION AND ACCESS
Uniform Resource Identifier https://directory.doabooks.org/handle/20.500.12854/45637
942 ## - ADDED ENTRY ELEMENTS (KOHA)
Koha item type
Holdings
Withdrawn status Lost status Damaged status Not for loan Permanent Location Current Location Date acquired Price effective from Koha item type
        Library and Documentation Division NCERT Library and Documentation Division NCERT 11/20/2024 11/20/2024